000 00205 a2200097 4500
001 28781
100 _aDentscher, I
245 _aRssia after stalin
260 _a
_bBobs Merrill
_c
090 _c19226
_d19226
942 _aNUST-CAE
_cM
_c10254
999 _c263854
_d263854